Panchayat raj evam anusuchit jati mahila netratava (Record no. 106439)

MARC details
000 -LEADER
fixed length control field 00389nam a2200145Ia 4500
008 - FIXED-LENGTH DATA ELEMENTS--GENERAL INFORMATION
fixed length control field 230917s9999||||xx |||||||||||||| ||und||
040 ## - CATALOGING SOURCE
-- 51350
Original cataloging agency VIVEKANANDA LIBRARY
041 ## - Language
-- English
082 ## - DDC NUMBER
Classification number 352.054 S83P
100 ## - MAIN ENTRY--PERSONAL NAME
Personal name Sisodia, Yatindra Singh
245 #0 - TITLE STATEMENT
Title Panchayat raj evam anusuchit jati mahila netratava
260 ## - PUBLICATION, DISTRIBUTION, ETC. (IMPRINT)
Place of publication, distribution, etc Jaipur
Name of publisher, distributor, etc Rawat Publications
Date of publication, distribution, etc 2000
300 ## - PHYSICAL DESCRIPTION
Pages 204 p.
942 ## - ADDED ENTRY ELEMENTS (KOHA)
Koha item type Books
Holdings
Withdrawn status Lost status Damaged status Not for loan Location (home branch) Sublocation or collection (holding branch) Date acquired Koha issues (times borrowed) Koha full call number Accession No. Koha date last seen Koha item type
        VIVEKANANDA LIBRARY VIVEKANANDA LIBRARY 12/12/2002   352.054 S83P 192111 17/09/2023 Books
        VIVEKANANDA LIBRARY VIVEKANANDA LIBRARY 12/12/2002   352.054 S83P 290904 17/09/2023 Books
© Designed and Maintained by Vivekananda Library, MDU Rohtak